| 000 | 04882cam a2200289 4500 | ||
|---|---|---|---|
| 001 | 7716 | ||
| 005 | 20181127184211.0 | ||
| 008 | 031203s2004 ohua b 001 0 eng d | ||
| 010 | _a 2003116070 | ||
| 020 | _a0324191871 (text + InfoTrac) | ||
| 020 | _a0324224206 (text) | ||
| 020 | _a0324227078 (ISE text + InfoTrac) | ||
| 020 | _a0324227086 (Intl. student ed. text) | ||
| 082 | 0 | 0 |
_a658.7 _222 |
| 100 | 1 | _aWisner, Joel D. | |
| 245 | 1 | 0 |
_aPrinciples of supply chain management : _ba balanced approach / _cJoel D. Wisner, G. Keong Leong, Keah-Choon Tan. |
| 260 |
_aMason, OH : _bSouth-Western, _cc2005. |
||
| 300 |
_axxii, 504 p. : _bill. ; _c26 cm. |
||
| 504 | _aIncludes bibliographical references and indexes. | ||
| 505 |
_aMachine generated contents note: pt. 1 Supply Chain Management: An Overview -- ch. 1 Introduction to Supply Chain Management -- Introduction -- Supply Chain Management Defined -- The Importance of Supply Chain Management -- The Origins of Supply Chain Management in the U.S. -- The Foundations of Supply Chain Management -- Supply Elements -- Operations Elements -- Logistics Elements -- Integration Elements -- Current Trends in Supply Chain Management -- Expanding (and Contracting) the Supply Chain -- Increasing Supply Chain Responsiveness -- The Greening of Supply Chains -- Reducing Supply Chain Costs -- Summary -- Key Terms -- Discussion Questions -- Internet Questions -- Appendix 1.1 The Beer Game -- Beer Game Questions and Exercises -- pt. 2 Supply Issues in Supply Chain Management -- ch. 2 Purchasing Management -- Introduction -- A Brief History of Purchasing Terms -- The Role of Supply Management in an Organization -- The Financial Significance of Supply Management -- The Purchasing Process -- The Manual Purchasing System -- Electronic Procurement Systems (e-Procurement) -- Small Value Purchase Orders -- Sourcing Decisions: The Make-or-Buy Decision -- Reasons for Buying or Outsourcing -- Reasons for Making -- Make-or-Buy Break-Even Analysis -- Roles of Supply Base -- Supplier Selection -- How Many Suppliers to Use -- Reasons Favoring a Single Supplier -- Reasons Favoring Multiple Suppliers -- Purchasing Organization -- Advantages of Centralization -- Advantages of Decentralization -- International Purchasing/Global Sourcing -- Reasons for Global Sourcing -- Potential Challenges for Global Sourcing -- Countertrade -- Procurement for Government/Nonprofit Agencies -- Characteristics of Public Procurement -- Summary -- Key Terms -- Discussion Questions -- Internet Questions -- Spreadsheet Problems -- ch. 3 Creating and Managing Supplier Relationships -- Introduction -- Developing Supplier Relationships -- Building Trust -- Shared Vision and Objectives Note continued: ch. 13 Supply Chain Process Integration -- Introduction -- The Supply Chain Management Integration Model -- Identify Critical Supply Chain Trading Partners -- Review and Establish Supply Chain Strategies -- Align Supply Chain Strategies with Key Supply Chain Process Objectives -- Develop Internal Performance Measures for Key Process Effectiveness -- Assess and Improve Internal Integration of Key Supply Chain Processes -- Develop Supply Chain Performance Measures for the Key Processes -- Assess and Improve External Process Integration and Supply Chain Performance -- Extend Process Integration to Second-Tier Supply Chain Partners -- Re-evaluate the Integration Model Annually -- Obstacles To Process Integration Along The Supply Chain - - The Silo Mentality -- Lack of Supply Chain Visibility -- Lack of Trust -- Lack of Knowledge -- Activities Causing the Bullwhip Effect -- Managing Supply Chain Risk And Security -- Managing Supply Chain Risk -- Managing Supply Chain Security -- Summary -- Key Terms -- Discussion Questions -- Internet Questions -- ch. 14 Performance Measurement Along the Supply Chain -- Introduction -- Viewing the Supply Chain as a Competitive Force -- Understanding End Customers -- Understanding Supply Chain Partner Requirements -- Adjusting Supply Chain Member Capabilities -- Traditional Performance Measures -- Use of Organization Costs, Revenue and Profitability Measures -- Use of Performance Standards and Variances -- Use of Firm-Wide Productivity and Utilization Measures -- World-Class Performance Measurement Systems -- Developing World-Class Performance Measures -- Supply Chain Performance Measurement Systems -- Supply Chain Environmental Performance -- Specific Supply Chain Performance Measures -- The Balanced Scorecard -- Web-Based Scorecards -- The SCOR Model -- Summary -- Key Terms -- Discussion Questions -- Internet Questions. _g _r _t |
||
| 650 | 0 | _aBusiness logistics. | |
| 650 | 0 |
_aMarketing channels _xManagement. |
|
| 650 | 0 |
_aPhysical distribution of goods _xManagement. |
|
| 700 | 1 | _aLeong, G. Keong. | |
| 700 | 1 | _aTan, Keah-Choon. | |
| 999 |
_c6618 _d6618 |
||